000 00412nam a2200181Ia 4500
999 _c91276
_d91276
003 0100
005 20180301101031.0
008 130307s9999 xx 000 0 und d
040 _cARRUPELIB
050 _aDT844.2.C15 1897
100 _aCampbell, Colin Turing
_939970
245 _aBritish South Africa /
260 _aLondon
_bJohn Haddon
_c1897
300 _a222p.
300 _b23 cm
650 _aCape of Good Hope (South Africa)
_xHistory
_939971
650 _aCape of Good Hope (South Africa)
_xBiography
_939972
942 _2lcc
_cMONOGRAPH